Music Quiz

Random Music or Album Quiz

Death Albums Quiz Stats

 Plays Quiz not verified by Sporcle

Challenge
Share
Tweet
Embed
Score 0/7 Timer 04:00
0 Plays Today
Year Album % Correct
1987Scream Bloody Gore
96%
1988Leprosy
94%
1991Human
91.3%
1990Spiritual Healing
89.3%
1995Symbolic
87.2%
1998The Sound of Perseverance
83.9%
1993Individual Thought Patterns
82.6%

You're not logged in!

Compare scores with friends on all Sporcle quizzes.
Join for Free
OR
Log In

You Might Also Like...

Show Comments

Extras

Created Sep 22, 2009ReportNominate
Tags:Album Quiz, death

Top Quizzes Today


Score Distribution

Your Account Isn't Verified!

In order to create a playlist on Sporcle, you need to verify the email address you used during registration. Go to your Sporcle Settings to finish the process.

Report this User

Report this user for behavior that violates our Community Guidelines.

Details: